MARC

LEADER 00000nam0a2200000 4500
001 251958
005 20231101232714.0
010 |a 5020032190 
035 |a (RuTPU)RU\TPU\book\274273 
090 |a 251958 
100 |a 20140226d1989 k y0rusy50 ca 
101 0 |a rus 
102 |a RU 
105 |a a z 001zy 
200 1 |a Геохимия и геология базальтов и осадков рифта Таджура (Аденский залив)  |e сборник  |f Академия наук СССР (АН СССР), Сибирское отделение (СО), Институт геохимии им. А. П. Виноградова (ИГХ) ; Академия наук СССР (АН СССР), Институт океанологии им. П. П. Ширшова (ИО) ; под ред. Л. В. Таусона 
210 |a Москва  |c Наука  |d 1989 
215 |a 255 с.  |c ил. 
320 |a Библиогр.: с. 246-254. 
606 1 |a Рифты  |x (геология)  |2 stltpush  |3 (RuTPU)RU\TPU\subj\72514  |9 85991 
610 1 |a геохимия 
610 1 |a осадки 
610 1 |a тектоника 
610 1 |a магматизм 
610 1 |a осадочный чехол 
610 1 |a стратиграфия 
610 1 |a отложения 
610 1 |a геохимические поля 
675 |a 551.243.12  |v 3 
702 1 |a Таусон  |b Л. В.  |4 340 
712 0 2 |a Академия наук СССР (АН СССР)  |b Сибирское отделение (СО)  |b Институт геохимии им. А. П. Виноградова (ИГХ)  |c (Иркутск)  |2 stltpush  |3 (RuTPU)RU\TPU\col\1687 
712 0 2 |a Академия наук СССР (АН СССР)  |b Институт океанологии им. П. П. Ширшова (ИО)  |c (Москва)  |2 stltpush  |3 (RuTPU)RU\TPU\col\6016 
801 1 |a RU  |b 63413507  |c 20140226 
801 2 |a RU  |b 63413507  |c 20140325  |g RCR 
942 |c BK